Právní pojmy pro podnikatele.

Vysvetlenie pojmov fyzická osoba, právnická osoba a obchodné meno podľa Občianskeho zákonníka a podľa zákonov, ktoré jednotlivé právne pomery upravujú (napr. Obchodný zákonník).

Salvato in:
Dettagli Bibliografici
Autore principale: Nesnídal, Jiří
Natura: Capitolo di libro
Lingua:ceco
Soggetti:
Tags: Aggiungi Tag
Nessun Tag, puoi essere il primo ad aggiungerne!!

MARC

LEADER 00000naa a2200000 4500
001 r011701
005 20220831084004.7
041 0 |a cze 
044 |a [CS] 
245 1 0 |a Právní pojmy pro podnikatele.  |c Jiří Nesnídal 
520 |a Vysvetlenie pojmov fyzická osoba, právnická osoba a obchodné meno podľa Občianskeho zákonníka a podľa zákonov, ktoré jednotlivé právne pomery upravujú (napr. Obchodný zákonník). 
610 2 0 |a právo občianske 
610 2 0 |a právo obchodné 
610 2 0 |a zákonník občiansky 
610 2 0 |a zákonník obchodný 
610 2 0 |a pojmy 
610 2 0 |a podnikatelia 
610 2 0 |a ČSFR 
100 1 |a Nesnídal, Jiří